Quiz o Wejherowie - Statystyki

Ogólne statystyki
  • Ten quiz został rozwiązany 13 razy
  • Średni wynik to 10 z 15
Statystyki odpowiedzi
Pytanie Odpowiedź % Poprawnych
Jak nazywał się założyciel Wejherowa? Jakub Wejher
100%
Ile przystanków SKM Trójmiasto znajduje się na terenie Wejherowa? 3
85%
Jaki jest kod pocztowy Wejherowa? 84-200
77%
Kogo imię nosi Park Miejski w Wejherowie? Aleksander Majkowski
77%
Wejherowo pojawia się w wielu memach z powodu pomnika założyciela miasta, który okryty śniegiem, przypomina jaką fikcyjną postać? Darth Vader
77%
Jak nazywa się wejherowski klub piłkarski? Gryf Wejherowo
77%
Za jedną ze stolic jakiego regionu uznawane jest Wejherowo? Kaszuby
77%
Jak nazywa się obecny prezydent Wejherowa? Krzysztof Hildebrandt
77%
Jak nazywają się dwie rzeki płynące przez Wejherowo? Reda
77%
Jak nazywają się dwie rzeki płynące przez Wejherowo? Cedron
69%
Jak nazywa się charakterystyczny budynek sakralny w Wejherowie, będący celem pielgrzymek? Kalwaria Wejherowska
69%
Jak brzmi dawna, niemiecka nazwa Wejherowa? Neustadt
62%
Ile mieszkańców ma Wejherowo? (2024, w tysiącach) 41
46%
Kiedy Wejherowo zostało wyzwolone spod okupacji niemieckiej? (dzień i miesiąc) 12 marca
31%
W którym roku Wejherowo uzyskało prawa miejskie? 1650
31%
Nie znaleziono quizów pasujących do podanych kryteriów
Rozkład punktacji
Procent ludzi z każdym wynikiem
Percentyl według liczby udzielonych odpowiedzi
Twoja historia wyników
Nie rozwiązałeś tego quizu